Ακτοπλοΐα και ναυτιλία μεγάλων αποστάσεων : οικονομική ανάλυση - λογιστική αλυσίδα και μεταφορές - επιπτώσεις άρσης cabotage - σχέδιο νόμου 2932/2001 για την ακτοπλοΐα - δίκτυα hub & spoke

Αποθηκεύτηκε σε:
Λεπτομέρειες βιβλιογραφικής εγγραφής
Κύριος συγγραφέας: Γουλιέλμος, Αλέξανδρος Μ., 1941-
Άλλοι συγγραφείς: Στρίντζης, Γεράσιμος (Συγγραφέας εισαγωγής κ.λπ.), Σαμπράκος, Ευάγγελος
Μορφή: Βιβλίο
Γλώσσα:Greek
Δημοσίευση: Αθήνα: Σταμούλης, c2002.
Θέματα:
Ετικέτες: Προσθήκη ετικέτας
Δεν υπάρχουν, Καταχωρήστε ετικέτα πρώτοι!

MARC

LEADER 00000cam a2200000 a 4500
001 1/112140
008 161003t2002####gr | ||| |||| ||gre||
020 |a 9603513911   |q (χαρτόδετο)  
040 |a GR-MyUa  |b gre  |c GR-MyUa  |e AACR2 
041 0 |a gre 
082 7 |a 387.524   |2 (23)  
100 1 |a Γουλιέλμος, Αλέξανδρος Μ.,   |d 1941- 
245 1 0 |a Ακτοπλοΐα και ναυτιλία μεγάλων αποστάσεων :   |b οικονομική ανάλυση - λογιστική αλυσίδα και μεταφορές - επιπτώσεις άρσης cabotage - σχέδιο νόμου 2932/2001 για την ακτοπλοΐα - δίκτυα hub & spoke /   |c Αλέξανδρος Μ. Γουλιέλμος και Ευάγγελος Σαμπράκος ; προλογίζει ο Γεράσιμος Στρίντζης.  
246 1 |i Άλλες παραλλαγές του τίτλου :   |a Ακτοπλοΐα & ναυτιλία μεγάλων αποστάσεων  
260 |a Αθήνα:   |b Σταμούλης,   |c c2002.  
300 |a 428 σ. :   |b διαγρ., πίν. ;   |c 24 εκ.  
504 |a Βιβλιογραφία: σ.427-428.  
650 0 |a Coastwise shipping. 
650 0 |a Shipping. 
700 1 |a Στρίντζης, Γεράσιμος,  |e aui 
700 1 |a Σαμπράκος, Ευάγγελος. 
852 |a INST  |b CHIOS  |c EUDOXUS  |e 20161003  |h 387.524 ΓΟΥ  |p 005200037925  |q 005200037925  |t BK  |y 0 
920 |a Εύδοξος  |b Παραγγελία  |y Χίος-ΤΝΕΥ  |z 2016-04 
970 |a Σπέντζα  |b Ελένη  |z 03-10-2016